000 00235nam a22001097a 4500
008 170126b xxu||||| |||| 00| 0 eng d
020 _a05177703
041 _aeng
080 _a61
245 _a2009 ICD-9-CM
_cBUCK, C.J
942 _2udc
_cBK
999 _c3719
_d3719